Zákon o ochrane zdravia ľudí s komentárom

Zákon č 272/1994 Z.z. o ochrane zdravia v znení ďalších zákonov ... a zákona č. 245/2003 Z.z. a zákona č. 256/2003 Z.z. legislatívne upravuje povinností štátu a štátnych orgánov voči spoločnosti a občanom. Zákon upravuje požiadavky na ochranu zdravia len rámcovo, komentáre k jednotlivým paragrafom o...

Description complète

Enregistré dans:
Détails bibliographiques
Auteur principal: Martincová, Viera
Format: Chapitre de livre
Langue:slovaque
Sujets:
Tags: Ajouter un tag
Pas de tags, Soyez le premier à ajouter un tag!

MARC

LEADER 00000naa$a2200000$$$4500
001 0004213
005 20230919094525.7
041 0 |a slo 
044 |a SK 
245 1 0 |a Zákon o ochrane zdravia ľudí s komentárom  |c aut. Viera Martincová 
520 |a Zákon č 272/1994 Z.z. o ochrane zdravia v znení ďalších zákonov ... a zákona č. 245/2003 Z.z. a zákona č. 256/2003 Z.z. legislatívne upravuje povinností štátu a štátnych orgánov voči spoločnosti a občanom. Zákon upravuje požiadavky na ochranu zdravia len rámcovo, komentáre k jednotlivým paragrafom obsahujú aj informáciu o vydanom vykonávacom predpise a jeho stručnú charakteristiku. 
610 2 0 |a ochrana zdravia 
610 2 0 |a zákony 
610 2 0 |a novelizácia 
610 2 0 |a Slovensko 
610 2 0 |a komentáre 
610 2 0 |a 2003 
100 1 |a Martincová, Viera